[Event "Women's Speed Chess Q5"]
[Site "chess.com INT"]
[Date "2020.06.22"]
[Round "10"]
[White "Ovezdurdiyeva, Jemal"]
[Black "Mrudul, Dehankar"]
[Result "0-1"]
[WhiteTitle "WFM"]
[BlackTitle "WIM"]
[WhiteElo "2061"]
[BlackElo "2256"]
[WhiteFideId "14001888"]
[BlackFideId "25096990"]
[EventDate "2020.06.22"]

1. d4 Nf6 2. c4 e6 3. Nc3 Bb4 4. e3 b6 5. Ne2 c5 6. a3 Ba5 7. d5 Bb7 8. dxe6
fxe6 9. Ng3 O-O 10. f3 d5 11. Bd3 d4 12. exd4 Qxd4 13. Ne2 Qh4+ 14. Ng3 Rd8 15.
Qe2 Qd4 16. Qxe6+ Kh8 17. Be2 Bxc3+ 18. bxc3 Qxc3+ 19. Kf2 Qxa1 20. Bh6 Qd4+ 21.
Be3 Qd7 22. Qe5 Nc6 0-1

[Event "Women's Speed Chess Q5"]
[Site "chess.com INT"]
[Date "2020.06.22"]
[Round "10"]
[White "Hng, Mei-En Emmanuelle"]
[Black "Starosta, Martyna"]
[Result "1-0"]
[WhiteTitle "WFM"]
[BlackTitle "WCM"]
[WhiteElo "2029"]
[BlackElo "2079"]
[WhiteFideId "5804566"]
[BlackFideId "21818754"]
[EventDate "2020.06.22"]

1. e4 e5 2. Nf3 Nc6 3. Bb5 a6 4. Ba4 d6 5. h3 g6 6. d4 Bd7 7. dxe5 dxe5 8. O-O
Bg7 9. Bb3 Nge7 10. Nc3 O-O 11. Bg5 h6 12. Be3 b6 13. Qd2 Kh7 14. Rad1 Be6 15.
Nd5 f5 16. Qc1 Qc8 17. exf5 Bxd5 18. fxg6+ Kh8 19. Bxd5 Nxd5 20. Rxd5 e4 21. Nh4
Ne5 22. Bxh6 Qe6 23. Bxg7+ Kxg7 24. Rfd1 Nxg6 25. Nxg6 Qxg6 26. Rg5 Rad8 27.
Rxg6+ Kxg6 28. Rxd8 Rxd8 29. Qf4 1-0

[Event "Women's Speed Chess Q5"]
[Site "chess.com INT"]
[Date "2020.06.22"]
[Round "10"]
[White "Bommini, Mounika Akshaya"]
[Black "Swati, Mohota"]
[Result "1-0"]
[WhiteTitle "WFM"]
[BlackTitle "WFM"]
[WhiteElo "2029"]
[BlackElo "2027"]
[WhiteFideId "25019872"]
[BlackFideId "5006511"]
[EventDate "2020.06.22"]

1. d4 e6 2. c4 b6 3. e4 Bb7 4. Nc3 c5 5. d5 d6 6. f4 exd5 7. cxd5 Nf6 8. Nf3 g6
9. Bb5+ Nbd7 10. e5 a6 11. Bc6 Bxc6 12. dxc6 Nb8 13. exf6 Nxc6 14. Nd5 Bh6 15.
Qe2+ Kd7 16. O-O Re8 17. Qf2 Kc8 18. Qh4 Bf8 19. Qxh7 Ra7 20. Ng5 Kb8 21. Bd2
Re2 22. Bc3 Nd4 23. Bxd4 cxd4 24. Rac1 Rxb2 25. Nxf7 Qd7 26. Ne7 Qg4 27. Rc8+
Kb7 28. Nxd6# 1-0

[Event "Women's Speed Chess Q5"]
[Site "chess.com INT"]
[Date "2020.06.22"]
[Round "10"]
[White "Chumpitaz, Ann"]
[Black "Zavivaeva, Evelina"]
[Result "1-0"]
[WhiteTitle "WIM"]
[BlackTitle "WCM"]
[WhiteElo "2244"]
[BlackElo "1619"]
[WhiteFideId "3804178"]
[BlackFideId "44127839"]
[EventDate "2020.06.22"]

1. e4 e5 2. Nf3 Nc6 3. Bb5 a6 4. Bxc6 bxc6 5. O-O d6 6. d4 exd4 7. Nxd4 Bd7 8.
Nc3 Nf6 9. Bg5 Be7 10. Qf3 O-O 11. Rfe1 Re8 12. h3 h6 13. Bh4 c5 14. Nf5 Bxf5
15. Qxf5 Qd7 16. Qf3 Nd5 17. Bxe7 Nxe7 18. Rad1 Rab8 19. b3 Nc6 20. Nd5 Nd4 21.
Qd3 c6 22. Ne3 Qe6 23. c3 Nb5 24. Nf5 Rbd8 25. Qg3 Qg6 26. Qf4 Qg5 27. Qf3 d5
28. exd5 Rxe1+ 29. Rxe1 cxd5 30. Ne7+ Kh7 31. Qxf7 Nd6 32. Qxd5 Rd7 33. Qg8# 1-0

[Event "Women's Speed Chess Q5"]
[Site "chess.com INT"]
[Date "2020.06.22"]
[Round "10"]
[White "Enkhtuul, Altan-Ulzii"]
[Black "Kiran, Manisha Mohanty"]
[Result "0-1"]
[WhiteTitle "WGM"]
[BlackTitle "WGM"]
[WhiteElo "2228"]
[BlackElo "2168"]
[WhiteFideId "4901444"]
[BlackFideId "5019575"]
[EventDate "2020.06.22"]

1. e4 c5 2. Nf3 d6 3. Bb5+ Nd7 4. O-O a6 5. Bxd7+ Bxd7 6. d4 cxd4 7. Nxd4 Nf6 8.
Re1 e5 9. Nb3 h6 10. Nc3 Be7 11. Nd5 Nxd5 12. Qxd5 b5 13. Be3 O-O 14. Rad1 Be6
15. Qc6 Qc8 16. Na5 f5 17. exf5 Bxf5 18. c3 Qe6 19. Nb7 Rfc8 20. Qb6 Rcb8 21.
Qc7 Rc8 22. Qa5 Qg6 23. f3 Rf8 24. Kh1 e4 25. f4 Bg4 26. Rd2 Bh4 27. Rf1 Rf6 28.
Qc7 Qh5 29. Rxd6 Be2 30. Rg1 Bg3 31. h3 Bf3 32. Rd8+ Kh7 33. Qd7 Rxd8 34. Nxd8
Rd6 35. gxf3 Qxf3+ 36. Rg2 Rxd7 0-1

[Event "Women's Speed Chess Q5"]
[Site "chess.com INT"]
[Date "2020.06.22"]
[Round "10"]
[White "Gevorgyan, Maria"]
[Black "Dzagnidze, Nana"]
[Result "1-0"]
[WhiteTitle "WGM"]
[BlackTitle "GM"]
[WhiteElo "2228"]
[BlackElo "2524"]
[WhiteFideId "13300270"]
[BlackFideId "13601903"]
[EventDate "2020.06.22"]

1. e4 c5 2. Nc3 Nc6 3. Bb5 Nd4 4. Bc4 e6 5. Nge2 Nf6 6. O-O a6 7. a4 d6 8. d3
Nc6 9. Ng3 Be7 10. f4 O-O 11. f5 d5 12. exd5 exd5 13. Bb3 b6 14. Bg5 Nb4 15. Qd2
Bb7 16. Rae1 Rc8 17. Rxe7 Qxe7 18. Nh5 Kh8 19. Re1 Qd6 20. Bxf6 gxf6 21. Qh6 Rg8
22. Nxf6 Rg7 23. Re8+ Rxe8 24. Qxg7+ Kxg7 25. Nxe8+ Kf8 26. Nxd6 Bc6 27. Nc8 b5
28. axb5 axb5 29. Na7 c4 30. Nxc6 Nxc6 31. Ba2 Nb4 32. Bb1 Ke7 33. Nxb5 Kf6 34.
dxc4 dxc4 35. Nd4 1-0

[Event "Women's Speed Chess Q5"]
[Site "chess.com INT"]
[Date "2020.06.22"]
[Round "10"]
[White "Shvedova, Alexandra"]
[Black "Franco Valencia, Angela"]
[Result "1-0"]
[WhiteTitle "WFM"]
[BlackTitle "WIM"]
[WhiteElo "1994"]
[BlackElo "2089"]
[WhiteFideId "54154782"]
[BlackFideId "4403070"]
[EventDate "2020.06.22"]

1. e4 e5 2. Nf3 Nc6 3. Bc4 Bc5 4. c3 Nf6 5. d4 exd4 6. e5 d5 7. Bb5 Ne4 8. cxd4
Bb6 9. Nc3 Bg4 10. Be3 O-O 11. h3 Bh5 12. Qa4 Qd7 13. Rc1 a6 14. Bxc6 bxc6 15.
Nxe4 dxe4 16. Nd2 Rad8 17. Nb3 Rfe8 18. Qxc6 Qf5 19. O-O Re6 20. Qc2 Rg6 21. Kh2
Bf3 22. gxf3 Qxf3 23. Rg1 c5 24. Rxg6 hxg6 25. Nxc5 f5 26. Qb3+ Kh7 27. Qxb6 f4
28. Qxd8 fxe3 29. Qh4+ Kg8 30. Nxe4 Qe2 31. Nd6 g5 32. Rc8# 1-0

[Event "Women's Speed Chess Q5"]
[Site "chess.com INT"]
[Date "2020.06.22"]
[Round "10"]
[White "Bodnaruk, Anastasia"]
[Black "Tomilova, Elena"]
[Result "1/2-1/2"]
[WhiteTitle "IM"]
[BlackTitle "WGM"]
[WhiteElo "2411"]
[BlackElo "2353"]
[WhiteFideId "4181751"]
[BlackFideId "4162340"]
[EventDate "2020.06.22"]

1. e4 e6 2. d4 d5 3. e5 c5 4. c3 Nc6 5. Nf3 Qb6 6. a3 f6 7. Bd3 fxe5 8. dxe5 c4
9. Bc2 g6 10. O-O Bg7 11. Re1 Nge7 12. a4 Qc7 13. Bf4 O-O 14. Qd2 Bd7 15. Qe3
Nf5 16. Bxf5 Rxf5 17. Nbd2 Raf8 18. Bg3 R5f7 19. Ng5 Rf5 20. Ngf3 R5f7 21. Nd4
a6 22. N2f3 Ne7 23. h4 h6 24. Nh2 Kh7 25. f4 h5 26. Nhf3 Bh6 27. Ng5+ Bxg5 28.
hxg5 Nf5 29. Nxf5 Rxf5 30. a5 Rc8 31. Bf2 Rcf8 32. g3 h4 33. Kg2 Kg7 34. Qd4 Bc6
35. Rh1 hxg3 36. Bxg3 Qd8 37. Rh4 Rh8 38. Rhh1 Rff8 1/2-1/2

[Event "Women's Speed Chess Q5"]
[Site "chess.com INT"]
[Date "2020.06.22"]
[Round "10"]
[White "Arakhamia-Grant, Ketevan"]
[Black "Goryachkina, Aleksandra"]
[Result "1/2-1/2"]
[WhiteTitle "GM"]
[BlackTitle "GM"]
[WhiteElo "2380"]
[BlackElo "2582"]
[WhiteFideId "13600168"]
[BlackFideId "4147103"]
[EventDate "2020.06.22"]

1. e4 e6 2. d4 d5 3. Nc3 Bb4 4. e5 c5 5. a3 Ba5 6. b4 cxd4 7. Nb5 Bc7 8. f4 Bd7
9. Nxc7+ Qxc7 10. Bb2 Ne7 11. Nf3 Nbc6 12. Nxd4 Nxd4 13. Bxd4 Nf5 14. c3 Rc8 15.
Qd2 Nxd4 16. cxd4 a6 17. a4 h6 18. Bd3 Qc3 19. Qxc3 Rxc3 20. Kd2 Rb3 21. b5 a5
22. Rhb1 Rxb1 23. Rxb1 Ke7 24. Rc1 Rc8 25. Rxc8 Bxc8 26. g4 f5 27. gxf5 exf5 28.
h4 h5 29. Be2 g6 30. Bf3 Be6 31. Kc3 b6 1/2-1/2

[Event "Women's Speed Chess Q5"]
[Site "chess.com INT"]
[Date "2020.06.22"]
[Round "10"]
[White "Sargsyan, Anna M."]
[Black "Sliwicka, Alicja"]
[Result "1-0"]
[WhiteTitle "WGM"]
[BlackTitle "WIM"]
[WhiteElo "2405"]
[BlackElo "2317"]
[WhiteFideId "13308130"]
[BlackFideId "1150677"]
[EventDate "2020.06.22"]

1. d4 Nf6 2. c4 c5 3. d5 b5 4. cxb5 a6 5. bxa6 Bxa6 6. Nc3 d6 7. Nf3 g6 8. e4
Bxf1 9. Kxf1 Bg7 10. g3 Nbd7 11. Kg2 O-O 12. h4 h5 13. Bg5 Ra6 14. a3 Qa8 15.
Rc1 Rb8 16. Qd2 Kh7 17. Rc2 c4 18. Qf4 Nc5 19. e5 dxe5 20. Qxc4 e4 21. Ne5 Rc8
22. Nc6 Nxd5 23. Qxd5 Raxc6 24. Bxe7 Nd3 25. Qxe4 Nxb2 26. Rxb2 Bxc3 27. Re2 Re8
28. Qf3 Kg8 29. Rc1 Rec8 30. Rec2 Qb7 31. Rxc3 Rxc3 32. Rxc3 Qa6 33. Rxc8+ Qxc8
34. Qd5 Qa6 35. Bc5 Qc8 36. Bd4 Kf8 37. Qc5+ 1-0

[Event "Women's Speed Chess Q5"]
[Site "chess.com INT"]
[Date "2020.06.22"]
[Round "10"]
[White "Smietanska, Wiktoria"]
[Black "Millard, Charlotte"]
[Result "1-0"]
[WhiteTitle "CM"]
[BlackTitle "WCM"]
[WhiteElo "1593"]
[BlackElo "1252"]
[WhiteFideId "21869359"]
[BlackFideId "14320363"]
[EventDate "2020.06.22"]

1. c4 e6 2. Nc3 d5 3. d4 c6 4. cxd5 exd5 5. Qc2 Nf6 6. Bg5 Bd6 7. e3 h6 8. Bh4
O-O 9. Bd3 Nbd7 10. Nge2 Qb6 11. O-O Qc7 12. h3 Re8 13. Rae1 Nh5 14. g4 Nhf6 15.
Bg3 Nf8 16. Bxd6 Qxd6 17. Ng3 Ng6 18. Bxg6 fxg6 19. Qxg6 Qb4 20. Re2 Be6 21. Kh1
Bf7 22. Qd3 Qa5 23. Nf5 Qc7 24. Rg1 Ne4 25. f3 Nxc3 26. bxc3 Rf8 27. e4 dxe4 28.
Rxe4 Bg6 29. Ne7+ Kh7 30. Nxg6 Kxg6 31. Re7+ Rf5 32. Qxf5# 1-0

[Event "Women's Speed Chess Q5"]
[Site "chess.com INT"]
[Date "2020.06.22"]
[Round "10"]
[White "Shuvalova, Polina"]
[Black "Vantika, Agrawal"]
[Result "1-0"]
[WhiteTitle "WGM"]
[BlackTitle "WIM"]
[WhiteElo "2454"]
[BlackElo "2286"]
[WhiteFideId "24171760"]
[BlackFideId "25050389"]
[EventDate "2020.06.22"]

1. e4 c5 2. Nf3 d6 3. Bb5+ Nd7 4. Ba4 Nf6 5. O-O a6 6. c4 g6 7. Nc3 Bg7 8. d3
O-O 9. h3 b6 10. a3 Bb7 11. Rb1 e6 12. Re1 Qc7 13. Bd2 Ne5 14. Nxe5 dxe5 15. b4
Rfd8 16. Qe2 Bc6 17. Bxc6 Qxc6 18. Qf3 Rd7 19. Bg5 Ne8 20. Red1 f6 21. Be3 Rad8
22. Qe2 Bf8 23. f3 Nc7 24. Kh1 b5 25. Rdc1 bxc4 26. dxc4 cxb4 27. axb4 Rd3 28.
Nd5 Ra3 29. Nxf6+ Kg7 30. Ng4 Qe8 31. Bg5 Rd7 32. Nf6 Rf7 33. Nxe8+ 1-0

[Event "Women's Speed Chess Q5"]
[Site "chess.com INT"]
[Date "2020.06.22"]
[Round "10"]
[White "Sharmin, Samiha Shimmi"]
[Black "Sedina, Elena"]
[Result "0-1"]
[WhiteTitle "WCM"]
[BlackTitle "IM"]
[WhiteElo "1812"]
[BlackElo "2299"]
[WhiteFideId "10203087"]
[BlackFideId "812153"]
[EventDate "2020.06.22"]

1. e4 e6 2. d4 d5 3. Nc3 Bb4 4. e5 c5 5. a3 Bxc3+ 6. bxc3 Ne7 7. Bd3 c4 8. Be2
Qa5 9. Bd2 Nbc6 10. f4 Bd7 11. Nf3 O-O-O 12. O-O f6 13. Qb1 h5 14. a4 Nf5 15.
Qb5 Qc7 16. Qb2 Rdg8 17. a5 Nxa5 18. Rfb1 Nc6 19. Ra3 a6 20. Qa1 h4 21. Ra2 Nb8
22. Rab2 Bc6 23. Kh1 Nd7 24. Bc1 Qd8 25. Rb4 Qc7 26. Ba3 g5 27. exf6 Qxf4 28. f7
Ng3+ 29. Kg1 Qe3# 0-1

[Event "Women's Speed Chess Q5"]
[Site "chess.com INT"]
[Date "2020.06.22"]
[Round "10"]
[White "Sviridova, Vlada"]
[Black "Shafigullina, Zarina"]
[Result "0-1"]
[WhiteTitle "WFM"]
[BlackTitle "WFM"]
[WhiteElo "2144"]
[BlackElo "2296"]
[WhiteFideId "24109606"]
[BlackFideId "24174220"]
[EventDate "2020.06.22"]

1. d4 Nf6 2. c4 e6 3. Nf3 b6 4. g3 Ba6 5. b3 Bb4+ 6. Bd2 Be7 7. Bg2 c6 8. O-O
O-O 9. Bc3 d5 10. Nbd2 Nbd7 11. a4 Rb8 12. Qc2 Re8 13. Rfe1 c5 14. dxc5 Nxc5 15.
b4 Nce4 16. Be5 Rc8 17. b5 Bb7 18. Nxe4 Nxe4 19. Nd2 Nxd2 20. Qxd2 Rxc4 21. Rec1
Rxc1+ 22. Rxc1 Bd6 23. Bb2 Qd7 24. Qg5 e5 25. f4 f6 26. Qh5 Bc5+ 27. Kf1 exf4
28. gxf4 Qe6 29. Rd1 Qe3 30. Bxd5+ Bxd5 31. Qxd5+ Kh8 32. Qg2 Qxf4+ 33. Qf3 Qxh2
34. Bd4 Bxd4 35. Rxd4 Qc7 36. Rd1 h6 37. Kg2 Qe7 38. Kf1 Qe4 39. Qg3 Qxe2+ 40.
Kg1 Qxd1+ 0-1

[Event "Women's Speed Chess Q5"]
[Site "chess.com INT"]
[Date "2020.06.22"]
[Round "10"]
[White "Fataliyeva, Ulviyya"]
[Black "Haussernot, Cecile"]
[Result "0-1"]
[WhiteTitle "WGM"]
[BlackTitle "WIM"]
[WhiteElo "2301"]
[BlackElo "2171"]
[WhiteFideId "13403052"]
[BlackFideId "601632"]
[EventDate "2020.06.22"]

1. b3 c5 2. Bb2 Nc6 3. g3 Nf6 4. Bg2 d5 5. Nf3 e6 6. O-O Bd6 7. d3 O-O 8. Nbd2
e5 9. e4 Be6 10. Qe1 Nb4 11. Qc1 dxe4 12. dxe4 Qc7 13. a3 Nc6 14. h3 Nd4 15. Re1
Rac8 16. Kh2 b5 17. Nf1 h6 18. Qd2 Rfd8 19. Rac1 a5 20. Qe3 a4 21. N3d2 axb3 22.
cxb3 Qa5 23. Kh1 c4 24. b4 Qa7 25. f4 Bb8 26. Nf3 Nxf3 27. Qxf3 Rd3 28. Qe2 exf4
29. gxf4 Bxh3 30. Bxf6 gxf6 31. Bxh3 Rxh3+ 32. Kg2 Rh4 33. e5 fxe5 34. fxe5 Kh8
35. Rc3 Qd4 36. Rg3 c3 37. Qf3 Bxe5 38. Qf5 Qd5+ 39. Re4 Qxe4+ 0-1

[Event "Women's Speed Chess Q5"]
[Site "chess.com INT"]
[Date "2020.06.22"]
[Round "10"]
[White "Berdychevskaya, Natasha"]
[Black "Singgih, Diajeng Theresa"]
[Result "1/2-1/2"]
[WhiteTitle "WFM"]
[BlackTitle "WFM"]
[WhiteElo "2208"]
[BlackElo "1972"]
[WhiteFideId "4159322"]
[BlackFideId "7104391"]
[EventDate "2020.06.22"]

1. e4 e5 2. Nf3 Nc6 3. Bb5 a6 4. Ba4 Nf6 5. O-O b5 6. Bb3 Be7 7. d4 exd4 8. e5
Ne4 9. Bd5 Nc5 10. Nxd4 Bb7 11. Nf5 O-O 12. Qg4 g6 13. Bh6 Re8 14. f4 Nxe5 15.
Bxf7+ Kxf7 16. fxe5 Kg8 17. Nd2 Bf8 18. Bxf8 Rxf8 19. Nh6+ Kg7 20. Rxf8 Qxf8 21.
Rf1 Qe8 22. Rf7+ Kh8 23. Qg5 Qd8 24. Re7 Qf8 25. Nf7+ Kg8 26. Nh6+ Kh8 27. Rf7
Qd8 28. Re7 Qf8 1/2-1/2

[Event "Women's Speed Chess Q5"]
[Site "chess.com INT"]
[Date "2020.06.22"]
[Round "10"]
[White "Goh, Jie Yi"]
[Black "Nurmanova, Alua"]
[Result "1-0"]
[WhiteTitle "WCM"]
[BlackTitle "WFM"]
[WhiteElo "1743"]
[BlackElo "2026"]
[WhiteFideId "5710049"]
[BlackFideId "13729390"]
[EventDate "2020.06.22"]

1. d4 Nf6 2. Bf4 g6 3. Nc3 Bg7 4. e4 d6 5. Qd2 O-O 6. h4 h5 7. Nf3 c5 8. d5 a6
9. a4 Qa5 10. Bd3 b5 11. O-O b4 12. Nd1 c4 13. Bxc4 Nxe4 14. Qe3 Bf5 15. Nd4
Bxd4 16. Qxd4 Qc5 17. Qxc5 Nxc5 18. Ne3 Bd7 19. b3 a5 20. Rfe1 Nba6 21. Nf1 Rfe8
22. Re2 Nc7 23. Rae1 e5 24. dxe6 Bxe6 25. Bxe6 N5xe6 26. Bxd6 Nd5 27. Nd2 Red8
28. Nc4 Ra6 29. Bg3 Nc3 30. Re5 Rd5 31. Kf1 Nd4 32. Rxd5 Nxd5 33. Rd1 Nxc2 34.
Rxd5 Na1 35. Be5 Nxb3 36. Rd8+ Kh7 37. Rh8# 1-0

[Event "Women's Speed Chess Q5"]
[Site "chess.com INT"]
[Date "2020.06.22"]
[Round "10"]
[White "Danielian, Elina"]
[Black "Voit, Daria"]
[Result "1-0"]
[WhiteTitle "GM"]
[BlackTitle "WGM"]
[WhiteElo "2407"]
[BlackElo "2343"]
[WhiteFideId "13300210"]
[BlackFideId "4182146"]
[EventDate "2020.06.22"]

1. d4 Nf6 2. Bg5 d5 3. Bxf6 gxf6 4. e3 c5 5. c4 e6 6. cxd5 cxd4 7. Bb5+ Bd7 8.
Bxd7+ Qxd7 9. Qxd4 Qxd5 10. Qxd5 exd5 11. Nc3 Bb4 12. Ne2 Nc6 13. Rd1 O-O-O 14.
O-O Bxc3 15. bxc3 Rd7 16. Nf4 Rhd8 17. Rd2 Ne7 18. Rfd1 Kc7 19. Kf1 Kc6 20. Ke2
b5 21. h3 Ng6 22. Nh5 Rd6 23. Ng3 Kc5 24. f4 Nh4 25. Kf2 a5 26. Rd4 Kc6 27. a4
bxa4 28. Rxa4 Kb5 29. Rad4 Kc6 30. Ra1 Ra8 31. f5 Rd7 32. Rxh4 Rb7 33. Rha4 Rb5
34. Ne2 Kc5 35. Kf3 Kb6 36. Nd4 Rb2 37. g4 Rd2 38. Rb1+ Kc7 39. Rb5 Rh2 40. Kg3
Rh1 41. Rbxa5 Rb8 42. Rc5+ Kd6 43. Rc6+ Kd7 44. Ra7+ 1-0

[Event "Women's Speed Chess Q5"]
[Site "chess.com INT"]
[Date "2020.06.22"]
[Round "10"]
[White "Maltsevskaya, Aleksandra"]
[Black "Arabidze, Meri"]
[Result "1-0"]
[WhiteTitle "WGM"]
[BlackTitle "IM"]
[WhiteElo "2272"]
[BlackElo "2428"]
[WhiteFideId "24174041"]
[BlackFideId "13604040"]
[EventDate "2020.06.22"]

1. e4 c5 2. Nf3 e6 3. d4 cxd4 4. Nxd4 Nc6 5. Nc3 a6 6. f4 Qc7 7. Nxc6 bxc6 8.
Bd3 d5 9. O-O Nf6 10. e5 Nd7 11. Be3 Bb7 12. f5 Qxe5 13. Bf2 Bd6 14. Qh5 g6 15.
Qh3 gxf5 16. Rae1 Qg7 17. Bxf5 O-O-O 18. Bg4 Ne5 19. Rxe5 Bxe5 20. Na4 Bd4 21.
c3 Bxf2+ 22. Rxf2 Rhg8 23. Bh5 f5 24. Nc5 Qh6 25. Qf3 Rg5 26. Bf7 Rd6 27. Qf4 e5
28. Qxe5 f4 29. Qe8+ Rd8 30. Be6+ Kc7 31. Qe7+ Kb6 32. Qxb7+ Kxc5 33. Qb4# 1-0

[Event "Women's Speed Chess Q5"]
[Site "chess.com INT"]
[Date "2020.06.22"]
[Round "10"]
[White "Mamedjarova, Turkan"]
[Black "Buksa, Nataliya"]
[Result "0-1"]
[WhiteTitle "WGM"]
[BlackTitle "IM"]
[WhiteElo "2309"]
[BlackElo "2410"]
[WhiteFideId "13402005"]
[BlackFideId "14123622"]
[EventDate "2020.06.22"]

1. d4 d5 2. c4 e6 3. Nc3 Nf6 4. Nf3 Nbd7 5. Bf4 dxc4 6. e4 Bb4 7. Qc2 b5 8. a4
c6 9. Be2 O-O 10. O-O Bb7 11. Rfd1 a6 12. Bg3 h6 13. e5 Nd5 14. Ne4 Be7 15. h3
c5 16. Nd6 Bc6 17. Qd2 Qb6 18. dxc5 Qxc5 19. Ne4 Qb6 20. Nh2 Nc5 21. Nxc5 Qxc5
22. Ng4 c3 23. Qc1 cxb2 24. Qxb2 Nc3 25. Re1 Nxe2+ 26. Rxe2 bxa4 27. Rc1 Qd5 28.
f3 a3 29. Qd2 Qxd2 30. Rxd2 Bb5 31. Kh2 Rac8 32. Rdc2 Rxc2 33. Rxc2 Rd8 34. Bf4
Bg5 35. Bxg5 hxg5 36. Ne3 Rd3 37. Nf1 Ba4 38. Rc8+ Kh7 39. Kg3 a2 40. Rc1 Rd1 0-1

[Event "Women's Speed Chess Q5"]
[Site "chess.com INT"]
[Date "2020.06.22"]
[Round "10"]
[White "Sharma, Isha"]
[Black "Janzelj, Lara"]
[Result "0-1"]
[WhiteTitle "WIM"]
[BlackTitle "WIM"]
[WhiteElo "2276"]
[BlackElo "2210"]
[WhiteFideId "35006665"]
[BlackFideId "14608391"]
[EventDate "2020.06.22"]

1. e4 d6 2. d4 Nf6 3. Nc3 e5 4. dxe5 dxe5 5. Qxd8+ Kxd8 6. Bc4 Ke8 7. Be3 Bd6 8.
f3 Nbd7 9. Nb5 Bb4+ 10. c3 Bd6 11. O-O-O Ke7 12. Ne2 Bc5 13. Bxc5+ Nxc5 14. Nxc7
Rb8 15. Nb5 a6 16. Nd6 Be6 17. Ng3 g6 18. Bxe6 Nxe6 19. Nc4 Nd7 20. Rd2 Rbc8 21.
Nd6 Rc7 22. Rhd1 Ndc5 23. Kb1 b5 24. Nf1 Rd8 25. Ne3 Kf8 26. Ndc4 Rxd2 27. Nxd2
Nf4 28. Nb3 Nxb3 29. axb3 Rc6 30. g3 Ne6 31. Rd5 f6 32. Rd7 Nc5 33. Rxh7 Nxb3
34. Nd5 Nd2+ 35. Kc2 Nxf3 36. Ne7 Rc4 37. Nxg6+ Kg8 38. Ra7 Nxh2 39. Kd3 Nf1 40.
g4 Ng3 41. Rxa6 Nxe4 42. Ne7+ Kf7 43. Nd5 Nc5+ 44. Kc2 Nxa6 45. Ne3 Rc7 46. Kd3
Nc5+ 47. Ke2 Ne6 0-1

[Event "Women's Speed Chess Q5"]
[Site "chess.com INT"]
[Date "2020.06.22"]
[Round "10"]
[White "Morris-Suzuki, Sophie"]
[Black "Belenkaya, Dina"]
[Result "1-0"]
[WhiteTitle "WFM"]
[BlackTitle "WGM"]
[WhiteElo "2043"]
[BlackElo "2297"]
[WhiteFideId "30922615"]
[BlackFideId "24142654"]
[EventDate "2020.06.22"]

1. e4 d5 2. Nc3 d4 3. Nce2 c5 4. Ng3 g6 5. Bc4 h5 6. Nf3 Nc6 7. h4 e6 8. d3 Be7
9. a3 Nh6 10. Ng5 Ng4 11. Bf4 a6 12. Ba2 Qb6 13. Rb1 Bd7 14. Qe2 Qa5+ 15. Bd2
Qc7 16. b4 cxb4 17. axb4 Bd6 18. e5 Bxe5 19. N3e4 b6 20. O-O O-O 21. f3 Ne3 22.
f4 Nxf1 23. Rxf1 Bg7 24. g4 e5 25. gxh5 Bf5 26. hxg6 Bxg6 27. f5 Kh8 28. fxg6
fxg6 29. Nf7+ Kh7 30. Neg5+ Kg8 31. Ne6 Qa7 32. Nxf8 Rxf8 33. Nxe5+ Kh7 34. Rxf8
Nxe5 35. Rf1 Qd7 36. h5 Qh3 37. hxg6+ Nxg6 38. Qh2 Qxh2+ 39. Kxh2 1-0

[Event "Women's Speed Chess Q5"]
[Site "chess.com INT"]
[Date "2020.06.22"]
[Round "10"]
[White "Golubenko, Valentina"]
[Black "Khalafova, Narmin"]
[Result "0-1"]
[WhiteTitle "WGM"]
[BlackTitle "WGM"]
[WhiteElo "2209"]
[BlackElo "2279"]
[WhiteFideId "4501993"]
[BlackFideId "13402625"]
[EventDate "2020.06.22"]

1. d4 g6 2. g3 Bg7 3. Bg2 d6 4. c4 Nf6 5. Nc3 O-O 6. e4 Nc6 7. Nge2 e5 8. O-O
Bg4 9. f3 Bd7 10. d5 Ne7 11. Be3 Ne8 12. c5 f5 13. b4 f4 14. gxf4 exf4 15. Bd4
g5 16. Bxg7 Kxg7 17. Qd4+ Kg8 18. e5 Nf5 19. Qe4 dxe5 20. Qxe5 Nf6 21. Ne4 Nxe4
22. fxe4 Re8 23. Qc3 Ne3 24. Rf3 Nxg2 25. Kxg2 Rxe4 26. Re1 Qe7 27. Rf2 Re8 28.
Qb3 Kh8 29. Qc3+ Qg7 30. Qxg7+ Kxg7 31. Kf3 g4+ 32. Kg2 f3+ 33. Kg3 Rxe2 34. d6
Rxe1 35. dxc7 Rg1+ 36. Kh4 g3 37. hxg3 Re4+ 38. Kg5 Rxg3+ 39. Kh5 Be8# 0-1

[Event "Women's Speed Chess Q5"]
[Site "chess.com INT"]
[Date "2020.06.22"]
[Round "10"]
[White "Karnaukhova, Elmira"]
[Black "Bartel, Marta"]
[Result "0-1"]
[WhiteTitle "WGM"]
[BlackTitle "WGM"]
[WhiteElo "2319"]
[BlackElo "2192"]
[WhiteFideId "4148827"]
[BlackFideId "1123009"]
[EventDate "2020.06.22"]

1. d4 d5 2. c4 e6 3. Nc3 a6 4. e4 dxc4 5. Bxc4 b5 6. Bb3 Bb7 7. Nf3 b4 8. Ne2
Bxe4 9. Ng3 Bd5 10. Ba4+ c6 11. O-O Nf6 12. Ne5 Be7 13. Be3 O-O 14. Rc1 Qb6 15.
f4 Ne4 16. Nxe4 Bxe4 17. Qe2 Bd5 18. f5 exf5 19. Rxf5 f6 20. Nd3 Bd6 21. Qe1 Qd8
22. Qh4 Nd7 23. Bxc6 Be6 24. Rff1 Rc8 25. d5 Bf7 26. Bf4 Bxf4 27. Nxf4 Ne5 28.
Ne6 Bxe6 29. dxe6 Qb6+ 30. Kh1 Rxc6 31. e7 Re8 32. Rcd1 Re6 0-1